2022 MLB Pitching Statistical Leaders - Statistics

General Stats
  • This quiz has been taken 39 times
  • The average score is 17 of 36
Answer Stats
Players % Correct
Gerrit Cole
91%
Justin Verlander
87%
Dylan Cease
78%
Emmanuel Clase
74%
Kevin Gausman
74%
Yu Darvish
70%
Corbin Burnes
65%
Zac Gallen
65%
Framber Valdez
61%
Liam Hendriks
61%
Sandy Alcántara
61%
Aaron Nola
57%
Edwin Diaz
57%
Shohei Ohtani
57%
Alek Manoah
52%
Max Fried
52%
Kenley Jansen
48%
Shane Bieber
48%
Josh Hader
43%
Carlos Rodón
39%
Charlie Morton
39%
Jordan Romano
39%
Julio Urías
39%
Chris Bassitt
35%
Kyle Wright
35%
Robbie Ray
35%
Shane McClanahan
35%
Ryan Pressly
30%
Tony Gonsolin
30%
Daniel Bard
26%
Taylor Rogers
22%
Tyler Anderson
22%
Gregory Soto
17%
Miles Mikolas
17%
Carlos Carrasco
9%
Martín Pérez
9%
No matching quizzes found
Score Distribution
Percent of People with Each Score
Percentile by Number Answered
Your Score History
You have not taken this quiz